000 00338pab a2200145 454500
008 180718b1990 xxu||||| |||| 00| 0 eng d
100 _aBowler, Shaun
245 _aVoter perceptions and party strategies
260 _c1990
300 _a61-83
362 _aOct.
650 _aVoting
773 _aComparative Politics
909 _a20476
999 _c20476
_d20476